Normal view
MARC view
- P.K.Datta, J. S. Burnell-Gray
Entry Personal Name
001 - CONTROL NUMBER
- control field: 128865
003 - CONTROL NUMBER IDENTIFIER
- control field: NUST
005 - DATE AND TIME OF LATEST TRANSACTION
- control field: 20250506154042.0
008 - FIXED-LENGTH DATA ELEMENTS
- fixed length control field: 250506|| aca||aabn | a|a d
040 ## - CATALOGING SOURCE
- Original cataloging agency: NUST
- Transcribing agency: NUST
100 ## - HEADING--PERSONAL NAME
- Personal name: P.K.Datta, J. S. Burnell-Gray
670 ## - SOURCE DATA FOUND
- Source citation: Work cat.: (NUST)559909: P.K.Datta, J. S. Burnell-Gray, Advances in Surface engineering Vol II Process Technology /, 1997
